03298nam a2200289Ia 450000500170000000800410001704000440005804100080010208200140011010000400012424002210016424202160038524501590060126001960076030000330095650008900098950506270187950600210250654600210252760000750254865000440262365000420266765000440270970000360275385601060278985601130289520190215142926.0130821s1570 it fr 1 latsd aCo-BoUCMbspacSandra YazodSandra Yazo0 alat04a291.22201 aTomás de AquinocSantod1225-1274 aDivi Thomae Aquinatis Doctoris Angelici ... Opera omnia. Gratiis privilegiisq. Pii V Pont. Max. typis excusa [Obras completas de Santo Tomás de Aquino. Realizada por favor y privilegio del Sumo Pontífice Pío V]00aTomo noveno de Santo Tomás de Aquino, Doctor Angélico. Que contiene la síntesis de la doctrina católica contra los gentiles. Con los comentarios de Fray Francisco [de Silvestri], natural de Ferrara yspa10aTomus nonus D. Thomae Aquinatis Doctoris Angelici Summam catholicae fidei contra gentiles,complectens. Cum commentariis Fratris Francisci Ferraniensis ... aRomae [Roma] (Italia)bApud haeredes Antonii Bladii, & Ioannem Osmarinum Liliorum socios [En los talleres de los herederos de Antonio Blado y de Juan Osmarino, socios de los Gigliotti]c1570 a[7], 535 foliosc34 x 25 cm. aDetalles físicos: Sin encuadernación original. Actualmente encuadernación rígida (holandesa con esquinas), cartón forrado en papel. Lomo y esquineras de cuero. Lomo con tejuelo y adornos en dorado, nombre del comentarista mal escrito. Ejemplar mutilo, faltan páginas iniciales, incluida la portada. Mayúsculas capitales. Texto impreso en dos columnas enmarcado por los comentarios, en varios tipos y tamaños de letra. Apostillas marginales. Márgenes amplios. Signaturas y reclamos. Remates. Colofón y registro de cuadernillos al final. Corte vertical con un dibujo, incluye título abreviado. Algunas manchas de humedad. Folio 410 desprendido. Bordes de las tapas con raspaduras. Título confirmado con la edición en línea, datos de publicación tomados del colofón (folio 535). Colección incompleta, corte vertical marcado con tomo y título de la obra1 aV.9: El oficio del sabio ; Intención del autor ; La verdad de la fe no es contraria a la verdad de la razón ; Relación entre la razón humana y la verdad de la fe ; Refutación de los que dicen que no se puede demostrar la existencia de Dios ; Refutación de los que dicen que la existencia de Dios sólo se conoce por fe ; Algunos atributos de Dios: eternidad, espiritualidad, simplicidad ; En Dios es lo mismo esencia que existencia ; En Dios no hay accidentes ; Dios no pertenece a ningún género ; Qué nombres pueden predicarse de Dios ; Nada puede predicarse de Dios y de las cosas en sentido unívoco aConsulta en sala aTexto en latín14aTomás de Aquinod1225-1274cSantoxComentariostSuma contra Gentiles 7aApologética xObras anteriores a 1800 7aFilosofía xObras anteriores a 1800 7aEscolasticismoxObras anteriores a 18001 aSilvestri, Francescod1474-152841ureader.digitale-sammlungen.de/de/fs1/object/display/bsb10813886_00003.htmlzDisponible en línea V.941uhttp://reader.digitale-sammlungen.de/de/fs1/object/display/bsb10149274_00002.htmlzDisponible en línea V.1